Two Countries that were Once One - Statistics

General Stats
  • This quiz has been taken 121 times
  • The average score is 4 of 8
Answer Stats
Hint Answer % Correct
Its Sudetenland region was given to Nazi Germany as a gift from the UK Czechoslovakia
86%
State which succeeded Yugoslavia. Ended in 2006 Serbia and Montenegro
72%
Often referred to as the "Dual Monarchy" Austria-Hungary
71%
Created when Sweden effectively left the Kalmar Union Denmark-Norway
54%
Two 'partitions' from 1772 to 1793 greatly reduced its size, and a third in 1795 partitioned it out of existance Polish-Lithuanian Commonwealth
38%
Colony controlled by the German Empire and given to Belgium after WWI Ruanda-Urundi
33%
A confederation made between a Two West African Countries, one of which had only one border. Dissolved in 1989. Senegambia
27%
Kingdom which preceded the current UK. One member left in 1922. Great Britain and Ireland
25%
No matching quizzes found
Score Distribution
Percent of People with Each Score
Percentile by Number Answered
Your Score History
You have not taken this quiz